Труды Центрального научно-исследовательского института авиационного моторостроения. Вып.28: Расчет сечений органов распределения двухтактных быстроходных двигателей (Запись № 1853618)

Подробности
000 -МАРКЕР
контрольное поле 01463nam2a22002531 4500
001 - ИДЕНТИФИКАТОР ЗАПИСИ
контрольное поле RU\NLR\INFOCOMM29\5000077636
005 - ИДЕНТИФИКАТОР ВЕРСИИ
контрольное поле 20250617032849.0
035 ## - ДРУГИЕ СИСТЕМНЫЕ НОМЕРА
Идентификатор записи (NLR Aleph) 002415273
100 ## - ДАННЫЕ ОБЩЕЙ ОБРАБОТКИ
Данные общей обработки 20050120d1939 |||y0rusy50 ca
101 0# - ЯЗЫК РЕСУРСА
Язык текста, звукозаписи и т.д. русский
102 ## - СТРАНА ПУБЛИКАЦИИ ИЛИ ПРОИЗВОДСТВА
Страна публикации российская федерация
105 ## - ПОЛЕ КОДИРОВАННЫХ ДАННЫХ: ТЕКСТОВЫЕ МАТЕРИАЛЫ, МОНОГРАФИЧЕСКИЕ
Кодированные данные о монографическом текстовом документе y ||||000|y
200 1# - ЗАГЛАВИЕ И СВЕДЕНИЯ ОБ ОТВЕТСТВЕННОСТИ
Основное заглавие Расчет сечений органов распределения двухтактных быстроходных двигателей
Первые сведения об ответственности А.С. Орлин
210 ## - ПУБЛИКАЦИЯ, РАСПРОСТРАНЕНИЕ И ДР.
Дата издания, распространения и т.д. 1939
Место издания, распространения и т.д. Б. м.
461 #0 - УРОВЕНЬ НАБОРА
Встроенное поле 001RU\NLR\INFOCOMM29\5000077537
-- 2001#$aТруды Центрального научно-исследовательского института авиационного моторостроения$fСССР НКТП. Глаавиапром. Глав. упр. авиац. пром-сти$vВып.28
Системный номер (АБИС) связанной записи 3998311
Автор ЦНИИ авиационного моторостроения им. П. И. Баранова (Москва)
Место публикации М.
Дата публикации 1933-
Первые сведения об ответственности СССР НКТП. Глаавиапром. Глав. упр. авиац. пром-сти
Имя издателя, распространителя и т.д. Госавиаавтоиздат
Заглавие Труды Центрального научно-исследовательского института авиационного моторостроения
Номер тома Вып.28
700 #1 - ИМЯ ЛИЦА - ПЕРВИЧНАЯ ОТВЕТСТВЕННОСТЬ
Начальный элемент ввода Орлин
Часть имени, кроме начального элемента ввода А.С.
Код отношения Автор
801 #1 - ИСТОЧНИК ЗАПИСИ
Страна российская федерация
Организация InfoComm
Дата составления 20050120
801 #0 - ИСТОЧНИК ЗАПИСИ
Страна российская федерация
Организация NLR
Правила каталогизации PSBO
852 ## - МЕСТОНАХОЖДЕНИЕ И ШИФР ХРАНЕНИЯ
Идентификатор организации NLR
Шифр хранения (Call Number) 33-17/1
942 ## - ДОПОЛНИТЕЛЬНЫЕ ЭЛЕМЕНТЫ ЗАПИСИ (АБИС)
Тип экземпляра АБИС Выпуск
980 ## - КОЛЛЕКЦИЯ
Название коллекции Национальная библиография
980 ## - КОЛЛЕКЦИЯ
Название коллекции Русская периодика

Нет доступных экземпляров.